|
|
|
|
| LEADER |
00877nam a2200229 a 4500 |
| 001 |
GR-Patra957 |
| 008 |
991022s1973 gr 000 0 gre d |
| 040 |
|
|
|a GrPaTEI
|b gre
|c GR-PaULI
|
| 245 |
0 |
0 |
|a Μαθήματα συγχρόνου αναλύσεως.
|
| 260 |
|
|
|a [χ.τ.] :
|b ΤΕΕ,
|c 1973
|
| 300 |
|
|
|a 816σ.
|
| 504 |
|
|
|a Βιβλιογραφία: σ.811-816.
|
| 650 |
|
4 |
|a ΜΑΘΗΜΑΤΙΚΗ ΑΝΑΛΥΣΗ
|
| 650 |
|
4 |
|a Μαθηματική ανάλυση
|
| 650 |
|
4 |
|a ΤΟΠΟΛΟΓΙΑ
|
| 650 |
|
4 |
|a ΤΟΠΟΛΟΓΙΑ
|
| 700 |
1 |
|
|a Ντόκας, Λάμπρος
|
| 710 |
0 |
|
|a ΤΕΕ
|
| 942 |
|
|
|2 ddc
|
| 952 |
|
|
|0 0
|1 0
|2 ddc
|4 0
|6 515_130000000000000_ΝΤΟ
|7 0
|9 282079
|a LISK
|b LISK
|c BSC
|d 2021-01-17
|e 24
|f 0
|g 0.00
|l 0
|o 515.13 ΝΤΟ
|p 924100473
|r 2021-01-17 00:00:00
|t 1
|w 2021-01-17
|y BK15
|x 19991024 0 1
|x GrPaTEI
|
| 971 |
|
|
|a .b26484559
|b 16-04-20
|c 23-09-16
|
| 999 |
|
|
|c 164214
|d 164214
|